فا ر سی نا مہ(تز کر ہ منتخب شعر ا ۓ فا ر سی) (Record no. 177855)
[ view plain ]
| 000 -LEADER | |
|---|---|
| fixed length control field | 00759nam a22001937a 4500 |
| 005 - DATE AND TIME OF LATEST TRANSACTION | |
| control field | 20210308155234.0 |
| 010 ## - LCCN (DPL NO) | |
| LC control number | UR-11052 |
| 020 ## - INTERNATIONAL STANDARD BOOK NUMBER | |
| Terms of availability | 151.00 |
| International Standard Book Number | 9789388736909 |
| 035 ## - SYSTEM CONTROL NUMBER | |
| System control number | U-9607 |
| 037 ## - SOURCE OF ACQUISITION | |
| Source of stock number/acquisition | DBAD/PUB |
| 082 ## - DEWEY DECIMAL CLASSIFICATION NUMBER | |
| Classification number | 841.8 |
| 100 ## - MAIN ENTRY--PERSONAL NAME | |
| Personal name | مو لف:سيد عبید اللہ ہا شمی |
| 245 ## - TITLE STATEMENT | |
| Title | فا ر سی نا مہ(تز کر ہ منتخب شعر ا ۓ فا ر سی) |
| Statement of responsibility, etc | مو لف:سيد عبید اللہ ہا شمی |
| 246 ## - VARYING FORM OF TITLE | |
| Remainder of title | Farsinama(Description of Selected Persian Poets) (Urdu) |
| Title proper/short title | by S.Obaidullah Hashmi |
| 260 ## - PUBLICATION, DISTRIBUTION, ETC. (IMPRINT) | |
| Place of publication, distribution, etc | Delhi |
| Date of publication, distribution, etc | 2019 ء |
| Name of publisher, distributor, etc | Educational Publishing House |
| 270 ## - ADDRESS | |
| Address | B.O. 3191,Vakil Street, Kucha Pandit,Lal Kuan, |
| City | Delhi |
| Postal code | 110006 |
| Fax number | - |
| 300 ## - PHYSICAL DESCRIPTION | |
| Extent | 252 ص |
| Dimensions | 22 Cm(Hb) |
| 942 ## - ADDED ENTRY ELEMENTS (KOHA) | |
| Source of classification or shelving scheme | Dewey Decimal Classification |
| Item type | Urdu Bks |
| Classification part | 841.8 |
| Call number suffix | ہ ا ش |
| Withdrawn status | Lost status | Not for loan | Collection code | Home library | Current library | Date acquired | Source of acquisition | Cost, normal purchase price | Full call number | Barcode | Copy number | Cost, replacement price | Koha item type |
|---|---|---|---|---|---|---|---|---|---|---|---|---|---|
| Non-fiction | D.B.Act.Division | Central Library | 08/03/2021 | DBAD/PUB | 151.00 | 841.8 ہ ا ش | U-9607 | 1 | 151.00 | Urdu Bks |
